[Event "Tourn. n9141"]
[Site "www.chess-mail.com"]
[Date "2017.01.26"]
[Round "1"]
[White "Genius3"]
[Black "Formargo"]
[WhiteElo "1850"]
[BlackElo "1760"]
[Result "1-0"]
[Round "1"]
1.d4 Ng8f6
2.c4 g6
3.Nb1c3 Bf8g7
4.e4 d6
5.f3 O-O
6.Bc1e3 e5
7.dxe5 dxe5
8.Qd1xd8 Rf8xd8
9.Ra1d1 Rd8xd1
10.Kxd1 c6
11.Kc2 Bc8e6
12.b3 Nb8d7
13.g3  { time }
1-0

[Event "Tourn. n9145"]
[Site "www.chess-mail.com"]
[Date "2017.01.26"]
[Round "1"]
[White "Passaroa25"]
[Black "Jjmcbride"]
[WhiteElo "1600"]
[BlackElo "1580"]
[Result "0-1"]
[Round "1"]
1.e4 e5
2.c3 Ng8f6
3.f3 d5
4.d3 dxe4
5.Bf1e2 exd3
6.Be2xd3 Qd8d5
7.c4 Qd5c6
8.Bc1e3 Bc8e6
9.Be3f2 Bf8c5
10.Bf2xc5 Qc6xc5
11.Ng1e2 Nb8c6
12.a3 O-O-O
13.Nb1d2 Rd8xd3
14.Qd1c2 Rh8d8
15.b4 Qc5e3
16.Qc2d1 Rd3xd2
17.Qd1xd2 Rd8xd2
18.Kf1 Qe3xe2
{ resign }
0-1

[Event "Tourn. n9182"]
[Site "www.chess-mail.com"]
[Date "2017.01.26"]
[Round "1"]
[White "Mitja"]
[Black "Norlavuaram"]
[WhiteElo "2060"]
[BlackElo "2070"]
[Result "1/2-1/2"]
[Round "1"]
1.d4 Ng8f6
2.e3 g6
3.Ng1e2 Bf8g7
4.Ne2g3 O-O
5.Bf1c4 d5
6.Bc4b3 c6
7.c3 Nb8d7
8.O-O e5
9.dxe5 Nd7xe5
10.Nb1d2 Ne5d3
11.Nd2f3 Nd3xc1
12.Ra1xc1 Rf8e8
13.Rf1e1 Nf6e4
14.Ng3xe4 Re8xe4
15.h3 Qd8c7
16.Bb3c2 Re4e8
17.Bc2b3 b6
18.Qd1c2 Bc8b7
19.Nf3h2 c5
20.Bb3a4 Bb7c6
21.Ba4xc6 Qc7xc6
22.b3 Ra8d8
23.Nh2f1 Qc6f6
24.c4 d4
25.exd4 cxd4
26.Re1xe8 Rd8xe8
27.Qc2d3 Re8d8
28.Rc1d1 Rd8e8
29.Nf1d2 Qf6f4
30.Nd2f3 Re8d8
31.a4 h5
32.g3 Qf4f6
33.Kg2 Qf6c6
34.h4 Rd8d6
35.Kh2 Rd6f6
36.Kg2 a5
37.Rd1e1 Rf6e6
38.Re1xe6 Qc6xe6
39.Nf3g5 Qe6c6
40.f3 Qc6d6
41.Ng5e4 Qd6a3
42.Ne4g5 Qa3b2
43.Kh3 Qb2c1
44.Kg2 Qc1b2
45.Kf1 Qb2h2
46.f4 Qh2h1
47.Kf2 Qh1h2
48.Kf1 Qh2h1
49.Kf2 Qh1h2
50.Kf1 Qh2h1
{ draw }
1/2-1/2

[Event "Match"]
[Site "www.echecsemail.com"]
[Date "2017.01.26"]
[Round "1"]
[White "Forest"]
[Black "Pinehill"]
[WhiteElo "1760"]
[BlackElo "2060"]
[Result "1-0"]
[Round "1"]
1.d4 Ng8f6
2.c4 g6
3.b3 Bf8g7
4.Bc1b2 e6
5.Ng1f3 O-O
6.e3 d5
7.Nb1d2 c6
8.Bf1e2 Nb8d7
9.O-O h6
10.Rf1e1 Qd8c7
11.cxd5 exd5
12.Ra1c1 Rf8e8
13.b4 Nd7f8
14.a3 Bc8g4
15.h3 Bg4xf3
16.Nd2xf3 Kh7
17.b5 Nf6e4
18.bxc6 bxc6
19.Nf3d2 Ne4g5
20.Qd1c2 Qc7b6
21.Nd2b3 Ra8b8
22.Be2d1 Re8c8
23.Bb2c3 Ng5e4
24.Nb3d2 f5
25.Nd2xe4 fxe4
26.Bc3b4 Nf8e6
27.Bd1g4 a5
28.Bb4d6 { resign }
1-0

[Event "Match"]
[Site "www.echecsemail.com"]
[Date "2017.01.26"]
[Round "1"]
[White "Chapi"]
[Black "Pdebonis"]
[WhiteElo "2090"]
[BlackElo "1759"]
[Result "0-1"]
[Round "1"]
1.d4 f5
2.c4 Ng8f6
3.Nb1c3 e6
4.Ng1f3 b6
5.Bc1g5 Bc8b7
6.e3 Bf8b4
7.Bf1e2 O-O
8.O-O Bb4xc3
9.bxc3 h6
10.Bg5h4 g5
11.Bh4g3 Nf6e4
12.Qd1c2 d6
13.Nf3d2 Qd8e7
14.Nd2xe4 Bb7xe4
15.Be2d3 Be4xd3
16.Qc2xd3 Nb8d7
17.h3 Ra8e8
18.f4 Nd7f6
19.Bg3h2 Nf6e4
20.g4 h5
21.a4 Qe7h7
22.a5 hxg4
23.hxg4 fxg4
24.axb6 axb6
25.Kg2 Qh7h3
26.Kg1 g3
27.Ra1a2 Re8a8
28.Ra2g2 Rf8xf4
29.Rf1d1 gxh2
{ resign }
0-1

[Event "Match"]
[Site "www.echecsemail.com"]
[Date "2017.01.26"]
[Round "1"]
[White "Arbiflex"]
[Black "Joseph1983"]
[WhiteElo "2109"]
[BlackElo "2230"]
[Result "1-0"]
[Round "1"]
1.g3 d5
2.e3 e5
3.Ng1e2 Ng8f6
4.Bf1g2 Nb8c6
5.O-O Bc8e6
6.d4 Bf8d6
7.Nb1d2 Qd8d7
8.b3 Be6h3
9.c4 h5
10.cxd5 Bh3xg2
11.Kxg2 Nf6xd5
12.e4 Nd5f6
13.d5 Nc6e7
14.h4 O-O-O
15.Bc1b2 Kb8
16.Ra1c1 Rd8g8
17.Nd2c4 Ne7g6
18.Nc4xd6 cxd6
19.Qd1d3 Ng6e7
20.Rc1c2 g5
21.hxg5 Rg8xg5
22.Rf1c1 h4
23.Rc2c7 Qd7xc7
24.Rc1xc7 Kxc7
25.f4 Nf6g4
26.Qd3f3 Rg5g7
27.fxe5 Kd7
28.exd6 { resign }
1-0

[Event "Match"]
[Site "www.echecsemail.com"]
[Date "2017.01.26"]
[Round "1"]
[White "Jobeye"]
[Black "Micheles"]
[WhiteElo "2269"]
[BlackElo "2590"]
[Result "0-1"]
[Round "1"]
1.Ng1f3 Ng8f6
2.d3 d5
3.Bc1f4 c5
4.Bf4g5 e6
5.Nb1d2 Bf8e7
6.e3 Nb8c6
7.c3 O-O
8.h4 e5
9.Bf1e2 h6
10.Bg5xh6 gxh6
11.Qd1c2 Bc8e6
12.Nf3h2 d4
13.c4 Ra8b8
14.e4 Kh8
15.Nd2b3 Rf8g8
16.g3 Qd8b6
17.f4 Rg8xg3
18.f5 Nc6b4
 { time }
0-1

[Event "Match"]
[Site "www.echecsemail.com"]
[Date "2017.01.26"]
[Round "1"]
[White "Fangshuo"]
[Black "Pdebonis"]
[WhiteElo "2010"]
[BlackElo "2049"]
[Result "0-1"]
[Round "1"]
1.e4 c5
2.Ng1f3 d6
3.d4 cxd4
4.Nf3xd4 Ng8f6
5.Nb1c3 a6
6.Bc1g5 e6
7.g3 Bf8e7
8.Bf1g2 Nf6xe4
9.Bg5xe7 Ne4xc3
10.Be7xd8 Nc3xd1
11.Ra1xd1 Kxd8
12.O-O Kc7
13.b4 e5
14.Nd4b3 Nb8c6
15.a3 Bc8e6
16.Nb3d2 f5
17.c3 g5
18.f4 gxf4
19.gxf4 e4
20.Kh1 Rh8g8
21.a4 Nc6e7
22.c4 Be6d7
23.b5 axb5
24.axb5 Ra8a2
25.b6 Kxb6
26.Bg2h3 Kc7
27.c5 dxc5
28.Nd2c4 Bd7b5
29.Rd1c1 e3
30.Rf1e1 Bb5c6
{ resign }
0-1

[Event "Match"]
[Site "www.echecsemail.com"]
[Date "2017.01.26"]
[Round "1"]
[White "Paco"]
[Black "Roque1"]
[WhiteElo "1900"]
[BlackElo "1710"]
[Result "1-0"]
[Round "1"]
1.e4 c5
2.Bf1c4 e6
3.Ng1f3 Ng8f6
4.e5 Nf6d5
5.d4 Nd5b6
6.Bc4b5 Nb8c6
7.dxc5 Bf8xc5
8.Nb1c3 O-O
9.O-O d5
10.Bb5d3 Nb6d7
11.Nf3g5 g6
12.Qd1f3 Nc6xe5
13.Qf3h3 Nd7f6
14.Bd3e2 b6
15.Bc1f4 Ne5c6
16.Ra1d1 e5
17.Be2g4 exf4
18.Ng5e6 Bc8xe6
19.Bg4xe6 Qd8d6
20.Be6xd5 Ra8e8
21.Bd5xf7 Rf8xf7
22.Rd1xd6 Bc5xd6
23.Nc3b5 Bd6c5
24.c3 Bc5f8
25.Qh3f3 Re8e4
26.b4 a5
27.Qf3d3 axb4
28.f3 Bf8c5
29.Kh1 Re4e3
30.Qd3c4 Nc6e5
31.Qc4b3 Re3d3
32.Rf1e1 Nf6d5
33.Re1xe5 Nd5e3
34.h3 Ne3d1
35.Re5e8 Kg7
36.Qb3e6 Rd3e3
37.Qe6c8 Re3xe8
38.Qc8xe8 bxc3
39.Qe8e5 Kg8
40.Nb5xc3 Rf7e7
41.Qe5d5 Kg7
42.Qd5xd1 Kf6
43.Nc3d5 { resign }
1-0

[Event "Match"]
[Site "www.echecsemail.com"]
[Date "2017.01.26"]
[Round "1"]
[White "Pariolinius"]
[Black "Azorau"]
[WhiteElo "1900"]
[BlackElo "1870"]
[Result "1-0"]
[Round "1"]
1.Ng1f3 Ng8f6
2.g3 d5
3.Bf1g2 Nb8c6
4.d4 Bc8g4
5.c3 Qd8d7
6.O-O h5
7.Bc1f4 Nc6a5
8.h3 Bg4xh3
9.Nb1d2 Bh3xg2
10.Kxg2 O-O-O
11.b3 h4
12.Nf3xh4 Qd7g4
13.f3 Qg4h5
14.Rf1h1 Qh5h7
15.b4 Na5c6
16.Qd1a4 e6
17.b5 a5
18.bxc6 b6
19.Qa4b5 Rd8e8
20.Qb5a6 Kd8
21.Qa6a8 Ke7
22.Qa8b7 Nf6h5
23.Qb7xc7 Kf6
24.Qc7e5 Ke7
25.c7 Re8c8
26.Ra1b1 f6
27.Qe5d6 Kf7
28.Qd6d7 Bf8e7
29.Bf4d6 Rh8e8
30.Bd6xe7 Rc8xc7
31.Qd7xc7 Re8xe7
32.Qc7xb6 Qh7c2
33.Rb1b2 Qc2xc3
34.Rh1b1 g5
35.Qb6c5 Qc3e3
36.Nd2f1 Nh5f4
37.gxf4 gxh4
38.Nf1xe3 f5
39.Rb2b7 Re7xb7
40.Rb1xb7 Kf6
41.Qc5e7 { resign }
1-0

[Event "Match"]
[Site "www.echecsemail.com"]
[Date "2017.01.26"]
[Round "1"]
[White "Balbyns"]
[Black "13dec2016"]
[WhiteElo "1199"]
[BlackElo "1499"]
[Result "1-0"]
[Round "1"]
1.d4 Ng8f6
2.Nb1c3 d5
3.Ng1f3 Bc8f5
4.e3 e6
5.Bf1d3 Bf5xd3
6.Qd1xd3 Nb8d7
7.O-O c5
8.Rf1e1 c4
9.Qd3d2 Bf8e7
10.b3 Nd7b6
11.e4 Be7b4
12.exd5 Nf6xd5
13.Bc1b2  { time }
1-0

[Event "Match"]
[Site "www.echecsemail.com"]
[Date "2017.01.26"]
[Round "1"]
[White "Pdebonis"]
[Black "Pellix84"]
[WhiteElo "1499"]
[BlackElo "2040"]
[Result "1-0"]
[Round "1"]
1.d4 Ng8f6
2.c4 c5
3.d5 e6
4.Nb1c3 d6
5.e4 exd5
6.cxd5 g6
7.Ng1f3 Bf8g7
8.Bf1e2 O-O
9.O-O Rf8e8
10.Nf3d2 Nb8d7
11.a4 a6
12.Kh1 Nd7e5
13.a5 Bc8d7
14.f3 Nf6h5
15.f4 Qd8h4
16.Be2xh5 gxh5
17.fxe5 Bg7xe5
18.Nd2f3 Qh4f6
19.Nf3xe5 Re8xe5
20.Rf1xf6 { resign }
1-0

[Event "Match"]
[Site "www.echecsemail.com"]
[Date "2017.01.26"]
[Round "1"]
[White "Pinehill"]
[Black "Calponas"]
[WhiteElo "2050"]
[BlackElo "1980"]
[Result "1/2-1/2"]
[Round "1"]
1.e4 c5
2.Ng1f3 Nb8c6
3.d4 cxd4
4.Nf3xd4 e5
5.Nd4b5 d6
6.Nb1c3 a6
7.Nb5a3 b5
8.Nc3d5 Ng8f6
9.Bc1g5 Bf8e7
10.Nd5xe7 Qd8xe7
11.c3 O-O
12.Bf1d3 Bc8e6
13.Na3c2 h6
14.Bg5xf6 Qe7xf6
15.O-O Rf8d8
16.Nc2e3 Qf6g6
17.f4 exf4
18.Rf1xf4 Nc6e5
19.Bd3c2 Qg6g5
20.Qd1f1 Ra8c8
21.Ne3d5 Rd8e8
22.Bc2b3 Ne5c4
23.Bb3xc4 Rc8xc4
24.Nd5e3 Rc4c7
25.Ra1d1 Be6xa2
26.Rd1xd6 Qg5c5
27.Qf1d3 Ba2c4
28.Qd3d4 Qc5xd4
29.cxd4 a5
30.Ne3xc4 Rc7xc4
31.Rd6d7 Rc4c1
32.Kf2 Rc1c2
33.Kg3 Re8f8
34.Rd7a7 Rc2xb2
35.Ra7xa5 g5
36.Rf4f5 b4
37.Rf5f2 Rb2b3
38.Kg4 Rb3e3
39.Kf5 Kg7
40.Rf2b2 Rf8b8
41.d5 b3
42.e5 Rb8e8
43.e6 fxe6
44.dxe6 Re8xe6
45.Ra5a7 Kg8
46.Rb2xb3 Re3e5
47.Kg4 Re6e7
48.Ra7xe7 Re5xe7
49.Rb3f3 Kg7
50.Rf3d3 Re7f7
51.g3 Rf7f6
52.Rd3d7 { draw }
1/2-1/2

[Event "Match"]
[Site "www.echecsemail.com"]
[Date "2017.01.26"]
[Round "1"]
[White "Guidom"]
[Black "Pdebonis"]
[WhiteElo "2030"]
[BlackElo "2209"]
[Result "0-1"]
[Round "1"]
1.e4 e5
2.Ng1f3 Nb8c6
3.Bf1b5 Ng8f6
4.O-O Nf6xe4
5.Rf1e1 Ne4d6
6.Bb5xc6 dxc6
7.Nf3xe5 Bf8e7
8.d4 O-O
9.c3 f6
10.Ne5d3 Bc8f5
11.Bc1f4 Rf8e8
12.Nb1a3 g5
13.Bf4g3 Nd6e4
14.Na3c4 Bf5g6
15.Nc4e3 Qd8d7
16.f3 Ne4xg3
17.hxg3 b6
18.Ne3g4 c5
19.Nd3f2 cxd4
20.cxd4 Kg7
21.Nf2e4 Ra8d8
22.Ra1c1 c6
23.Rc1c4 h5
24.Ng4f2 f5
25.Ne4d2 Bg6f7
26.Rc4a4 b5
27.Ra4a6 Qd7xd4
28.Nd2b3 Qd4xd1
29.Re1xd1 Rd8xd1
30.Nf2xd1 Be7d8
31.Nd1c3 Bd8b6
32.Kh2 Re8e1
33.g4 Bb6g1
34.Kh1 hxg4
35.fxg4 b4
36.Nc3a4 Bg1b6
37.Kh2 Bb6c7
38.g3 Bf7d5
{ resign }
0-1

[Event "1/64 Finale"]
[Site "www.chess-mail.com"]
[Date "2017.01.26"]
[Round "1"]
[White "Lachouette"]
[Black "Attatroll"]
[WhiteElo "1509"]
[BlackElo "1950"]
[Result "1/2-1/2"]
[Round "1"]
1.e4 d6
2.d4 Ng8f6
3.Bf1d3 g6
4.Ng1f3 Bf8g7
5.O-O O-O
6.Bc1e3 c6
7.c3 Nf6g4
8.h3 Ng4xe3
9.fxe3 Nb8d7
10.Nb1d2 e5
11.d5 Nd7c5
12.Nd2b3 Nc5xd3
13.Qd1xd3 c5
14.c4 Bc8d7
15.g4 a6
16.Nb3d2 b5
17.b3 f5
18.gxf5 gxf5
19.Rf1f2 fxe4
20.Nd2xe4 Bd7xh3
21.Kh2 Bh3g4
22.Ra1f1 Bg4xf3
23.Rf2xf3 Qd8h4
24.Kg2 Qh4g4
25.Ne4g3 Rf8xf3
26.Rf1xf3 h5
27.Qd3f5 Ra8f8
28.Qf5xg4 hxg4
29.Rf3xf8 Bg7xf8
30.Ng3f5 Kf7
31.e4 Kf6
32.Kg3 bxc4
33.bxc4 a5
34.a4 Kg5
35.Nf5e3 Bf8e7
36.Ne3xg4 Be7d8
37.Ng4e3 Bd8c7
38.Ne3c2 Kf6
39.Kg4 Bc7b8
40.Nc2a3 Ke7
41.Kg5 Bb8c7
42.Kg6 Bc7b6
43.Na3c2 Bb6c7
44.Kg7 Bc7b6
45.Nc2e3 Bb6c7
46.Ne3f5 Ke8
47.Kf6 Kd7
48.Kf7 Bc7b8
49.Nf5e7 Bb8a7
50.Ne7c6 Ba7b6
51.Kf6 Bb6c7
52.Kf7 Bc7b6
53.Kf8 Bb6c7
54.Nc6a7 Bc7b6
55.Na7c6 Bb6c7
56.Nc6a7 Bc7b6
57.Na7c6 Bb6c7
58.Nc6a7 Bc7b6
59.Na7c6 Bb6c7
60.Kf7 Bc7b6
61.Kf6 Bb6c7

1/2-1/2

[Event "1/128 Finale"]
[Site "www.chess-mail.com"]
[Date "2017.01.26"]
[Round "1"]
[White "Llord"]
[Black "7111"]
[WhiteElo "1860"]
[BlackElo "1809"]
[Result "1-0"]
[Round "1"]
1.e4 g6
2.d4 Bf8g7
3.Ng1f3 c5
4.dxc5 Qd8a5
5.Nb1c3 Qa5xc5
6.Bc1e3 Bg7xc3
7.bxc3 Qc5xc3
8.Be3d2 Qc3c7
9.Bf1e2 Nb8c6
10.O-O Ng8f6
11.e5 Nc6xe5
12.Nf3xe5 O-O
13.Bd2f4 d6
14.Ne5g4  { time }
1-0

[Event "1/64 Finale"]
[Site "www.chess-mail.com"]
[Date "2017.01.26"]
[Round "1"]
[White "Norlavuaram"]
[Black "7111"]
[WhiteElo "2150"]
[BlackElo "1939"]
[Result "1-0"]
[Round "1"]
1.e4 g6
2.c4 Bf8g7
3.d4 c5
4.Ng1f3 cxd4
5.Nf3xd4 Nb8c6
6.Nd4c2 d6
7.Bf1e2 Ng8f6
8.Nb1c3 O-O
9.O-O a6
10.Bc1e3 Bc8e6
11.b3 Qd8c7
12.Ra1c1 Rf8d8
13.Qd1d2 Ra8c8
14.Rf1d1 Qc7b8
15.Nc2d4 Be6d7
16.f3 Nc6xd4
17.Be3xd4 h5
18.Nc3d5 Nf6xd5
19.exd5  { time }
1-0

[Event "1/64 Finale"]
[Site "www.chess-mail.com"]
[Date "2017.01.26"]
[Round "1"]
[White "Pwain"]
[Black "Passaroa25"]
[WhiteElo "2400"]
[BlackElo "1560"]
[Result "1-0"]
[Round "1"]
1.e4 c6
2.d4 d6
3.Nb1c3 e6
4.Ng1f3 h6
5.Bf1d3 Ng8e7
6.O-O Ne7g6
7.e5 d5
8.Bd3xg6 fxg6
9.Qd1d3 Qd8e7
10.Qd3xg6 Kd7
11.a4 Nb8a6
12.Nf3e1 Na6c7
13.Ne1d3 a6
14.f4 Nc7e8
15.f5 Kc7
16.f6 gxf6
17.exf6 Qe7h7
18.Qg6xe8 Kb6
19.Qe8d8 Qh7c7
20.a5 Ka7
21.Qd8xc7 Ra8b8
22.Bc1f4 { resign }
1-0

[Event "Eq:Slap Shot Mates-Team USA : "]
[Site "www.chess-mail.com"]
[Date "2017.01.26"]
[Round "1"]
[White "Olddog55"]
[Black "Geodad5"]
[WhiteElo "1820"]
[BlackElo "2140"]
[Result "0-1"]
[Round "1"]
1.d4 d5
2.Ng1f3 Ng8f6
3.e3 Bc8g4
4.Bf1e2 e6
5.Nf3e5 Bg4xe2
6.Qd1xe2 a6
7.f4 Nb8d7
8.O-O Bf8e7
9.g4 c6
10.g5 Nf6e4
11.Rf1f3 f6
12.gxf6 gxf6
13.Ne5xd7 Kxd7
14.b3 Rh8g8
15.Kh1 f5
16.Rf3h3 Rg8g7
17.Bc1b2 Qd8g8
18.Nb1c3 Ne4f6
19.Nc3a4 Kc7
20.Qe2d2 b6
21.c4 Nf6e4
{ resign }
0-1

[Event "Tourn. n9091"]
[Site "www.chess-mail.com"]
[Date "2017.01.27"]
[Round "1"]
[White "Ejner"]
[Black "Norlavuaram"]
[WhiteElo "2410"]
[BlackElo "2250"]
[Result "1-0"]
[Round "1"]
1.d4 Ng8f6
2.Bc1g5 e6
3.Ng1f3 Bf8e7
4.Nb1d2 b6
5.e3 Bc8b7
6.Bf1d3 O-O
7.O-O c5
8.c3 d5
9.Nf3e5 Nb8d7
10.f4 Ra8c8
11.Qd1f3 h6
12.Bg5xh6 gxh6
13.Qf3g3 Kh8
14.Ne5g6 fxg6
15.Qg3xg6 Nf6e4
16.Qg6xh6 Kg8
17.Qh6g6 Kh8
18.Rf1f3 Be7h4
19.Qg6h6 Kg8
20.Qh6g6 Kh8
21.Rf3h3 Qd8f6
22.Qg6g4 Rf8f7
23.Rh3xh4 Rf7h7
24.Rh4xh7 Kxh7
25.Nd2xe4 dxe4
26.Bd3c4 Nd7f8
27.Ra1d1 Rc8c7
28.d5 exd5
29.Bc4xd5 Bb7xd5
30.Rd1xd5 Rc7g7
31.Qg4d1 Kg8
32.a4 Nf8e6
33.Rd5d6 Qf6f7
34.Qd1d5 Ne6f8
35.Qd5xe4 Qf7b3
36.Qe4d5 Qb3xd5
37.Rd6xd5 Rg7e7
38.Kf2 Nf8d7
39.Rd5d6 Kg7
40.Kf3 Nd7f6
41.c4 Nf6e8
42.Rd6d3 Ne8c7
43.g4 Nc7a6
44.h4 Na6b4
45.Rd3d2 Kf6
46.e4 Nb4c6
47.Rd2d6 Re7e6
48.e5 Ke7
49.Rd6xe6 Kxe6
50.Ke4 Nc6a5
51.f5 Ke7
52.Kd5 Na5b3
53.h5 Nb3d2
54.h6 Kf7
55.e6 { resign }
1-0

[Event "Tourn. n9192"]
[Site "www.chess-mail.com"]
[Date "2017.01.27"]
[Round "1"]
[White "Orhany24"]
[Black "Norlavuaram"]
[WhiteElo "2220"]
[BlackElo "2100"]
[Result "1-0"]
[Round "1"]
1.e4 e5
2.Ng1f3 Nb8c6
3.Bf1c4 Bf8e7
4.O-O Ng8f6
5.Rf1e1 O-O
6.c3 d6
7.h3 h6
8.d4 Bc8d7
9.Nb1d2 Rf8e8
10.Nd2f1 Be7f8
11.Nf1g3 g6
12.a3 Bf8g7
13.Bc1e3 Re8f8
14.d5 Nc6e7
15.Bc4d3 Nf6h7
16.c4 f5
17.exf5 gxf5
18.Ng3h5 e4
19.Nh5xg7 Kxg7
20.Be3d4 Kg8
21.Nf3h4 exd3
22.Qd1h5 Rf8f7
23.Re1e3 Bd7e8
24.Re3g3 { resign }
1-0

[Event "Tourn. n9161"]
[Site "www.chess-mail.com"]
[Date "2017.01.27"]
[Round "1"]
[White "Falcoale"]
[Black "Francesco"]
[WhiteElo "1880"]
[BlackElo "1990"]
[Result "0-1"]
[Round "1"]
1.e4 c6
2.Ng1f3 d5
3.exd5 cxd5
4.d3 Nb8c6
5.Bf1e2 g6
6.O-O Bf8g7
7.c3 Ng8f6
8.Rf1e1 O-O
9.Bc1f4 Bc8d7
10.h3 Nf6h5
11.Bf4h2 Ra8c8
12.Nb1d2 Qd8b6
13.Nd2f1 Qb6xb2
14.c4 Qb2b6
15.Nf3g5 Bg7xa1
16.Qd1xa1 dxc4
17.Be2xh5 gxh5
18.dxc4 Bd7f5
19.Nf1e3 Bf5g6
20.Ne3d5 Qb6c5
21.Re1c1 e6
22.Nd5f4 Qc5xg5
23.Rc1c3 Rf8d8
24.Nf4xg6 hxg6
25.Rc3f3 Nc6d4
26.Rf3e3 Nd4c2
27.Qa1c1 Nc2xe3
28.fxe3 Qg5a5
{ resign }
0-1

[Event "Tourn. n9035"]
[Site "www.chess-mail.com"]
[Date "2017.01.27"]
[Round "1"]
[White "Falcoale"]
[Black "Genius3"]
[WhiteElo "1860"]
[BlackElo "1650"]
[Result "1-0"]
[Round "1"]
1.e4 c5
2.Ng1f3 Nb8c6
3.Bf1c4 e6
4.O-O d6
5.d4 cxd4
6.Nf3xd4 Ng8f6
7.Nb1c3 Bf8e7
8.Bc1e3 Bc8d7
9.a3 O-O
10.f3 a6
11.b4 Nc6xd4
12.Be3xd4 Bd7c6
13.Qd1e2 Qd8c7
14.Bc4b3 b5
15.Ra1c1 Bc6b7
16.e5 Nf6d5
17.Nc3xd5 Bb7xd5
18.Qe2e3 dxe5
19.Bd4xe5 Be7d6
20.Be5xd6 Qc7xd6
21.Rf1d1 Rf8d8
22.c4 bxc4
23.Bb3xc4 Qd6b8
24.Qe3e2 Bd5xc4
25.Qe2xc4 Qb8b5
26.Rd1xd8 Ra8xd8
27.Qc4xb5 axb5
28.Rc1c5 Rd8b8
29.Kf2 g6
30.Ke3 Rb8a8
31.Rc5xb5 Ra8xa3
32.Kd4 Ra3a2
33.Rb5g5 Kf8
34.b5 Ra2b2
35.Kc5 Ke7
36.Kc6 Rb2c2
37.Kb7 Rc2c4
38.b6 Rc4c2
39.Kb8 Rc2b2
40.b7 h6
41.Rg5c5 Rb2xg2
42.Rc5c7 Kf6
43.Kc8 { resign }
1-0

[Event "Tourn. n9086"]
[Site "www.chess-mail.com"]
[Date "2017.01.27"]
[Round "1"]
[White "Seger"]
[Black "Darko10"]
[WhiteElo "2820"]
[BlackElo "2660"]
[Result "1/2-1/2"]
[Round "1"]
1.d4 Ng8f6
2.c4 e6
3.g3 d5
4.Bf1g2 Bf8b4
5.Nb1d2 O-O
6.Ng1f3 b6
7.O-O Bc8b7
8.a3 Bb4e7
9.b4 a5
10.b5 c5
11.dxc5 Be7xc5
12.Bc1b2 Nb8d7
13.Nf3d4 Nd7e5
14.cxd5 exd5
15.a4 Rf8e8
16.Nd2b3 Bc5f8
17.Ra1c1 Ra8c8
18.Rc1xc8 Qd8xc8
19.Nb3c1 Ne5c4
20.Bb2a1 Nc4d6
21.Nc1d3 Nd6e4
22.Ba1b2 Nf6d7
23.Bg2h3 Qc8c7
24.e3 g6
25.Nd4e2 Qc7d6
26.Nd3f4 Nd7e5
27.Bh3g2 Re8c8
28.Qd1a1 Ne5c4
29.Bg2xe4 dxe4
30.Rf1d1 Qd6c5
31.Bb2h8 Bb7a8
32.h4 Qc5a3
33.Qa1d4 Qa3d6
34.Kg2 Qd6xd4
35.Bh8xd4 Bf8g7
36.g4 Bg7xd4
37.Rd1xd4 Nc4b2
38.Ne2g3 Kf8
39.Kf1 Ke7
40.Ng3xe4 Rc8c4
41.Rd4xc4 Nb2xc4
42.Ne4c3 Ba8f3
43.g5 { draw }
1/2-1/2

[Event "Tourn. n9142"]
[Site "www.chess-mail.com"]
[Date "2017.01.27"]
[Round "1"]
[White "Greghghs"]
[Black "Woadman62"]
[WhiteElo "2380"]
[BlackElo "2620"]
[Result "1/2-1/2"]
[Round "1"]
1.d4 e6
2.c4 Ng8f6
3.Ng1f3 b6
4.g3 Bc8a6
5.b3 b5
6.cxb5 Ba6xb5
7.Bf1g2 d5
8.O-O Nb8d7
9.Nb1c3 Bb5a6
10.Bc1b2 Ra8c8
11.Rf1e1 Bf8e7
12.e4 c6
13.e5 Nf6g4
14.a3 O-O
15.b4 Ng4h6
16.Nc3a4 Ba6c4
17.Bb2c3 Nh6f5
18.Qd1c2 g6
19.Bg2h3 Rf8e8
20.Na4b2 Bc4a6
21.Bc3d2 Ba6b5
22.a4 Bb5a6
23.Ra1c1 Qd8b6
24.a5 Qb6b7
25.Nb2d3 Rc8b8
26.Bh3f1 Re8c8
27.g4 Nf5g7
28.Rc1b1 { draw }
1/2-1/2

[Event "Tourn. n9142"]
[Site "www.chess-mail.com"]
[Date "2017.01.27"]
[Round "1"]
[White "Jazzy"]
[Black "Greghghs"]
[WhiteElo "2399"]
[BlackElo "2380"]
[Result "1/2-1/2"]
[Round "1"]
1.c4 Ng8f6
2.Nb1c3 c6
3.Ng1f3 d5
4.d4 e6
5.e3 a6
6.Bf1d3 dxc4
7.Bd3xc4 b5
8.Bc4d3 c5
9.O-O Bc8b7
10.a3 Nb8d7
11.Qd1e2 Bf8d6
12.Bd3c2 Qd8c7
13.h3 O-O
14.dxc5 Bd6xc5
15.e4 Nd7b6
16.e5 Bb7xf3
17.Qe2xf3 Qc7xe5
18.Bc1f4 Qe5h5
{ draw }
1/2-1/2

[Event "Tourn. n9132"]
[Site "www.chess-mail.com"]
[Date "2017.01.27"]
[Round "1"]
[White "Llcervello"]
[Black "Pariolinius"]
[WhiteElo "1690"]
[BlackElo "1900"]
[Result "0-1"]
[Round "1"]
1.e4 c5
2.c3 d6
3.d4 cxd4
4.cxd4 Nb8c6
5.Bf1b5 Bc8d7
6.Bb5xc6 bxc6
7.Ng1e2 Ng8f6
8.O-O Nf6xe4
9.f3 Ne4f6
10.Nb1c3 e6
11.b3 Bf8e7
12.Bc1g5 O-O
13.Bg5xf6 Be7xf6
14.a4 Ra8b8
15.Nc3e4 Bf6e7
16.Qd1d3 d5
17.Ne4c3 Rb8xb3
18.Rf1b1 Rb3xb1
19.Ra1xb1 Qd8c7
20.g3 g6
21.Qd3a6 Bd7c8
22.Qa6d3 Be7f6
23.f4 c5
24.Nc3b5 Qc7a5
25.Ne2c3 c4
26.Qd3d2 Qa5a6
27.Nb5c7 Qa6c6
28.Nc3b5 Bc8d7
29.Qd2a5 Qc6b6
30.Qa5d2 Bd7xb5
31.Nc7xb5 Qb6a6
32.Rb1a1 Bf6d8
33.h4 Bd8a5
34.Qd2b2 Rf8b8
35.Qb2a3 Qa6b6
36.Kf1 a6
37.Kg2 Rb8c8
38.Nb5d6 Rc8d8
39.Nd6xf7 Kxf7
40.Qa3e3 c3
41.Qe3d3 Rd8c8
42.Ra1c1 Qb6b2
43.Rc1c2 Qb2a3
44.Qd3xa6 Qa3xa4
45.Qa6b7 Rc8c7
46.Rc2xc3 Rc7xb7
{ resign }
0-1

[Event "Tourn. n9167"]
[Site "www.chess-mail.com"]
[Date "2017.01.27"]
[Round "1"]
[White "Norlavuaram"]
[Black "Actmy"]
[WhiteElo "2170"]
[BlackElo "2040"]
[Result "0-1"]
[Round "1"]
1.e4 g6
2.d4 Bf8g7
3.Ng1f3 d6
4.c4 Nb8c6
5.Nb1c3 e5
6.d5 Nc6e7
7.Bf1e2 f5
8.Bc1g5 h6
9.Bg5xe7 Ng8xe7
10.O-O O-O
11.Ra1c1 Ra8b8
12.b4 c6
13.Qd1b3 fxe4
14.Nc3xe4 cxd5
15.cxd5 b5
16.Rc1c3 Bc8b7
17.Be2xb5 Bb7xd5
18.Bb5c4 Bd5xc4
19.Qb3xc4 d5
20.Qc4b3 a5
21.a3 axb4
22.axb4 Rf8f4
23.Ne4c5 Rf4xb4
24.Qb3c2 e4
25.Nc5e6 Qd8d6
26.Ne6xg7 exf3
27.Rc3c7 fxg2
28.Rf1e1 Rb4h4
29.Kxg2 Qd6xh2
{ resign }
0-1

[Event "Tourn. n9132"]
[Site "www.chess-mail.com"]
[Date "2017.01.27"]
[Round "1"]
[White "Pariolinius"]
[Black "Falcoale"]
[WhiteElo "1900"]
[BlackElo "1870"]
[Result "0-1"]
[Round "1"]
1.e4 c5
2.Ng1f3 Nb8c6
3.d4 cxd4
4.Nf3xd4 e6
5.Nb1c3 a6
6.Bc1e3 Ng8f6
7.f3 Bf8b4
8.Qd1d2 O-O
9.O-O-O d5
10.g4 Qd8e7
11.h4 Nc6xd4
12.Be3xd4 dxe4
13.Bd4xf6 Qe7xf6
14.f4 Bb4xc3
15.bxc3 b5
16.h5 Bc8b7
17.Rh1g1 Ra8c8
18.g5 Qf6e7
19.Qd2d6 Qe7xd6
20.Rd1xd6 Rc8xc3
21.Rd6d4 Rc3a3
22.Kb2 Ra3f3
23.Rd4d7 Bb7d5
24.h6 g6
25.Rd7a7 Rf3xf4
26.Ra7xa6 b4
27.Ra6b6 e3
28.Bf1e2 Rf4f2
29.Be2d3 e2
30.Rg1e1 Bd5f3
31.Rb6xb4 Rf2g2
32.Rb4b5 Rf8e8
33.Rb5e5 Re8b8
34.Kc3 Bf3g4
35.Bd3xe2 Bg4f5
36.Be2d3 Rb8c8
37.Kb2 Bf5xd3
38.Re1c1 Rg2xc2
39.Rc1xc2 Rc8xc2
{ resign }
0-1

[Event "Tourn. n9006"]
[Site "www.chess-mail.com"]
[Date "2017.01.27"]
[Round "1"]
[White "Geretree"]
[Black "Falcoale"]
[WhiteElo "1890"]
[BlackElo "1640"]
[Result "1-0"]
[Round "1"]
1.e4 c5
2.Ng1f3 e6
3.Nb1c3 Nb8c6
4.d4 cxd4
5.Nf3xd4 a6
6.Nd4xc6 bxc6
7.e5 d5
8.exd6 Bf8xd6
9.a3 Ng8f6
10.Bc1g5 Bd6e7
11.Qd1xd8 Be7xd8
12.O-O-O O-O
13.g3 h6
14.Bg5xf6 Bd8xf6
15.Nc3e4 Bf6e7
16.Bf1d3 Bc8b7
17.Rh1e1 Rf8d8
18.f4 c5
19.Ne4c3 Bb7f3
20.Bd3e2 Bf3xe2
21.Re1xe2 Be7f6
22.Nc3e4 Bf6e7
23.Re2d2 Rd8xd2
24.Rd1xd2 Be7f6
25.Ne4xf6 gxf6
26.h4 e5
27.fxe5 fxe5
28.Rd2d5 f6
29.Rd5xc5 Kg7
30.h5 e4
31.Rc5c7 Kf8
32.Kd2 Ra8b8
33.b4 f5
34.Ke3 a5
35.c3 axb4
36.axb4 Ke8
37.Rc7h7 Rb8b6
38.Rh7c7 Rb6d6
39.c4 Rd6d3
40.Kf2 Rd3b3
41.b5 e3
42.Ke2 Kd8
43.Rc7h7 Rb3c3
44.Rh7xh6 Rc3xc4
45.Rh6f6 Rc4c5
46.b6 f4
47.g4 Rc5c2
48.Ke1 Rc2f2
49.h6 Rf2h2
50.g5 Rh2h1
51.Ke2 Rh1h2
52.Ke1 Rh2h4
53.Rf6f7 Rh4h1
54.Ke2 Rh1h2
55.Ke1 Rh2h1
56.Ke2 Rh1h2
57.Ke1 Rh2h1
58.Ke2 Rh1h2
59.Kf1 Rh2h1
60.Ke2 Rh1h2
61.Kd3 Rh2d2
62.Kc3 Rd2d7
63.Rf7xd7 Kxd7
64.Kd3 { resign }
1-0

[Event "Tourn. n9086"]
[Site "www.chess-mail.com"]
[Date "2017.01.27"]
[Round "1"]
[White "Ozana"]
[Black "Seger"]
[WhiteElo "2239"]
[BlackElo "2820"]
[Result "1/2-1/2"]
[Round "1"]
1.Ng1f3 d5
2.d4 Ng8f6
3.c4 e6
4.Nb1c3 c6
5.Bc1g5 dxc4
6.a4 c5
7.e4 cxd4
8.Nf3xd4 Bf8c5
9.Nd4b5 Nb8c6
10.Qd1xd8 Kxd8
11.f4 a6
12.Ra1d1 Bc8d7
13.e5 h6
14.Bg5h4 axb5
15.exf6 g5
16.axb5 gxh4
17.bxc6 bxc6
18.Bf1xc4 Kc7
19.Ke2 e5
{ draw }
1/2-1/2

[Event "Tourn. n9180"]
[Site "www.chess-mail.com"]
[Date "2017.01.27"]
[Round "1"]
[White "Pariolinius"]
[Black "Francesco"]
[WhiteElo "1940"]
[BlackElo "1970"]
[Result "1/2-1/2"]
[Round "1"]
1.Ng1f3 Ng8f6
2.d4 d5
3.Bc1f4 c6
4.Nb1d2 Bc8f5
5.e3 e6
6.Bf1e2 Bf8d6
7.Bf4g5 Nb8d7
8.O-O Qd8c7
9.g3 h6
10.Bg5xf6 Nd7xf6
11.Rf1e1 O-O
12.Be2f1 Bf5g4
13.Bf1g2 Rf8e8
14.Qd1c1 e5
15.dxe5 Bd6xe5
16.Nf3xe5 Re8xe5
17.c3 Ra8e8
18.Nd2f3 Re5e7
19.Nf3d4 Qc7d7
20.f3 Bg4h5
21.Qc1d2 Bh5g6
22.Re1e2 Bg6h5
23.Ra1f1 Bh5g6
24.Rf1e1 Bg6h5
{ draw }
1/2-1/2